Responses for Show #470 - Friday, September 26, 1986

Contestants

[<< previous game]

Zanete Barons, a freelance writer from Roseville, California

Mark Zickel, a hammock salesman from San Diego, California

Don Tracy, a lawyer originally from Philadelphia, Pennsylvania (whose 2-day cash winnings total $18,300)

[next game >>]

Jeopardy! Round responses

THE CIVIL WAR
VICTORIAS
"B" IN GEOGRAPHY
MOVIES
MEDICINES
WOOD LIVES!
    $100 25
the South

Mark
    $100 17
Victoria Principal

Don
    $100 4
Bikini

Don
    $100 1
John Wayne

Zanete
    $100 14
(Alex: Named for Sir Joseph Lister.)

Listerine

Zanete
    $100 7
a willow

Zanete
    $200 26
1863

Don
    $200 16
Ed McMahon

Mark
    $200 9
Burbank

Mark
    $200 2
(Alex: Yes, [*] and 3 minutes.)

4 hours

Zanete
    $200 15
Ayds

Don
    $200 8
Pinocchio

Don
    $300 28
a (national) cemetery

Don
    $300 18
Queen Victoria

Mark
    $300 10
Bangor

Zanete
    $300 3
Jaws

Mark
    $500 22
[The song was reprised going into the break.]

calamine lotion

Mark
    $300 11
for the trees

Zanete
    $400 30
South Carolina

Don
    $400 19
Victoria Station

Don
    $400 20
Birmingham

Mark
    $400 5
Magnum Force

Don
    $400 23
Geritol

Zanete
    $400 12
linden

Mark
    $500 29
(Mark: What was Easter?)

Palm Sunday

Mark
Triple Stumper
    $500 27
Dark Shadows

Zanete
    $500 21
(Zanete: What is Bremen?)
...
(Alex: The "Schandmauer" is the "Wall of Shame".)

Berlin

Zanete
Triple Stumper
    $500 6
Roman Polanski

Zanete
    $500 24
(Alex: We've got a minute to go in the round.)

Soma

Triple Stumper
    $500 13
Tanglewood

Mark

Scores at the first commercial break (after clue 13):

Don Mark Zanete
$700 $1,400 $1,500

Scores at the end of the Jeopardy! Round:

Don Mark Zanete
$2,300 $2,400 $2,000

Double Jeopardy! Round responses

FICTIONAL CHARACTERS
POTENT POTABLES
JULIUS CAESAR
PRESIDENTIAL NICKNAMES
'50'S TV
[NOTE: That is how the category name was displayed.]
STARTS WITH "SEX"
    $200 6
(Don: What is a horse?)
[NOTE: Zanete said both.]

a fawn or deer

DonZanete
    $200 1
a Mai Tai

Zanete
    $200 14
George Washington

Mark
    $200 21
(Don: What is The Ed Sullivan Show?)
(Zanete: What is The Lawrence Welk Show?)
(Alex: That too is wrong. Are we gonna have a first on Jeopardy!; not one correct response in an entire category?
...
(Alex: About a minute to go in the round.)

Liberace

DonZanete
Triple Stumper
    $200 16
sextuplets

Don
    $400 7
Jay Gatsby

Zanete
    $400 2
(Mark: What is Irish whiskey?)

Irish coffee

MarkZanete
    $400 13
Thomas Jefferson

Don
    $400 17
(Don: What is, uh, Hawaii Eye?)
(Zanete: What is 77 Sunset Strip?)

Hawaiian Eye

DonZanete
Triple Stumper
    $400 22
(Alex: I selected Zanete for the choice a moment ago and it was your turn; you got control anyway.)

a sextet

Don
    $600 8
(Don: Who is Phineas Fogg?)
...
(Zanete: In the back door.)

Phileas Fogg

DonZanete
    $600 3
(Don: What is vinegar?)

cognac (brandy)

DonZanete
    $700 23
March 15th

Don
    $600 11
(Mark: Who is Zachary Taylor?)

Andrew Jackson

DonMark
    $600 18
(Don: What is Twilight Zone?)

Alfred Hitchcock Presents

Don
Triple Stumper
    $1,200 9
(Zanete: Who is Pinocchio?)
(Alex: [Laughing] No, sorry, [*].)
(Zanete: My second guess.)
[Laughter]
(Alex: Most of the time it is; people go to Pinocchio first and then [*].)
[Laughter]
(Zanete: I get them so confused.)

Don Quixote

Zanete
    $800 4
[Note: Constante Ribalaigua's name is shown as depicted on screen.]

daiquiris

Zanete
    $800 12
James Polk

Triple Stumper
    $800 19
a camera

Triple Stumper
    $1000 10
suicide

Don
    $1000 5
(Alex: You ran that category.)
[Applause]
(Alex: Based on knowledge, not personal experience with all those drinks.)
(Zanete: No, no, I resist that very heavily.)
[Laughter]

the density

Zanete
    $1000 24
(Don: Who is Brutus?)
...
[The end-of-round signal sounds.]

Octavius

Don
Triple Stumper
    $1000 15
Martin Van Buren

Triple Stumper
    $1000 20
Walt Disney & Mickey Mouse

Triple Stumper

Scores at the end of the Double Jeopardy! Round:

Don Mark Zanete
$2,000 $1,600 $4,400
(lock game)

[wagering suggestions for these scores]

Final Jeopardy! Round responses

GAMES
(Mark: It's Boardwalk.)
...
(Zanete: It's the same square, isn't it?)
(Alex: ...there's a "Just Visiting" side to it and then there's "In Jail", but it is the Jail square.)
MarkWhat are Jail and B'wlk
$1,501
DonWhat are Jail & Go To Jail
$1,900
ZaneteWhat is Jail & Just Visiting
$100
Jail & Go To Jail

Final scores:

Don Mark Zanete
$3,900 $99 $4,300
2nd place: Admiral refrigerator & Aladdin portable fireplace 3rd place: Swintec typewriter New champion: $4,300

Game dynamics:

Coryat scores:

Don Mark Zanete
$1,900 $1,400 $5,600
15 R
(including 1 DD),
7 W
10 R
(including 1 DD),
3 W
17 R,
4 W
(including 1 DD)

Combined Coryat: $8,900

[game clues] [game scores] [suggest correction]

Game tape date: 1986-08-12
The J! Archive is created by fans, for fans. Scraping, republication, monetization, and malicious use prohibited; this site may use cookies and collect identifying information. See terms. The Jeopardy! game show and all elements thereof, including but not limited to copyright and trademark thereto, are the property of Jeopardy Productions, Inc. and are protected under law. This website is not affiliated with, sponsored by, or operated by Jeopardy Productions, Inc. Join the discussion at JBoard.tv.